000 00318nam a22001457a 4500
008 230324b ||||| |||| 00| 0 eng d
020 _a9781561588558
041 _aeng
080 _a621
082 _a621TAU
100 _a19
101 _aNDERTIMTARI
245 _aPLUMBING COMPLETE
_cTAUNTON'S
942 _2udc
_cBK
999 _c59442
_d59442